000 00758nam a2200265 a 4500
001 52093
003 BD-RjUL
005 20211209075743.0
008 160905s1955 enkacd 001 0 eng d
035 _a(BD-RjUL)52213
040 _aDLC
_cCtU
_dOCoLC
_dDLC
_d(BD-RjUL)
_beng
041 _aeng
082 0 0 _bRII 1969
_a530
_223
100 1 0 _aRichtmyer, F. K.
_925905
245 1 0 _aIntroduction to modern physics /
_cby F. K. Richtmyer ; E.H. Kennard, John N. Cooper
250 _a6th ed.
260 _aNew York :
_bMcGraw-Hill,
_cc1969
300 _axv, 767 p. ;
_bill. ;
_c24 cm.
504 _aIncludes Index
650 0 _aPhysics.
_925906
700 1 _aKennard,E.H
_925907
700 1 _aCooper, John N.
_925908
942 _2ddc
_cBK
999 _c52093
_d52093